000
00211 a2200097 4500
001
12057
100
_a
Altaf Gohar
245
_a
Tahreerain Chand
260
_a
_b
Sang-e-Meel Publication
_c
090
_c
9309
_d
9309
942
_a
NUST-CAE
_c
M
_c
36166
999
_c
247130
_d
247130